00626nam a2200193Ia 450000500170000000800410001704000190005804100120007708200150008910000250010424500630012926000460019230000110023865000470024985000100029694200070030699900170031395201020033020230210100353.0131103s9999 xx 000 0 und d aLoreto College aEnglish a820.9bLOO aLoomis Roger Sherman 4aThe Development of Arthurian RomancecRoger Sherman Loomis aLondonbHutchinson University pressc1963 a199p.  aEnglish literature - History and criticism aLCLIB cBK c20960d71439 00102ddc4070aMAINbMAINd2013-11-04l0o820.9 LOO 16311pB22987r2013-11-04w2013-11-04yBKf